Ustalosť metallov /
Enregistré dans:
| Auteur principal: | |
|---|---|
| Format: | Livre |
| Langue: | russe |
| Publié: |
Moskva :
Mašinostrojenije,
1968
|
| Sujets: | |
| Tags: |
Pas de tags, Soyez le premier à ajouter un tag!
|
MARC
| LEADER | 00000nam a22000003a 4500 | ||
|---|---|---|---|
| 001 | stu36205 | ||
| 005 | 20150617225727.2 | ||
| 008 | 920527s1968----xxr-----------------rus-d | ||
| 040 | |a STU |b slo | ||
| 041 | 0 | |a rus | |
| 044 | |a xxr | ||
| 080 | |a 539.4 | ||
| 100 | 1 | |a Forrest, P.G |4 aut | |
| 245 | 1 | |a Ustalosť metallov / |c [aut.]P.G. Forrest | |
| 260 | |a Moskva : |b Mašinostrojenije, |c 1968 | ||
| 300 | |a 351 s | ||
| 650 | 7 | |a pevnosť |2 stusub | |
| 996 | |b 284M062097 |c M*1235-1 |l MMKN |s A |a 24 |w stu36205_0001 | ||